Logo BPK

Biblioteka

Politechniki Koszalińskiej

Seilkonstruktionen - Verfahrer zur Näherungsberechung von Kräften und Verformungen in Seilen und vorgespannten Seilnetzen / (Rekord nr 18274)

Szczegóły MARC
000 -ETYKIETA REKORDU
podpole kontrolne o stałej długości 00638nam a2200205 i 4500
001 - NUMER KONTROLNY REKORDU
pole kontrolne bg
020 ## - MIĘDZYNARODOWY ZNORMALIZOWANY NUMER KSIĄŻKI - ISBN
ISBN 3804128149
040 ## - ŹRÓDŁO KATALOGOWANIA
Instytucja, która utworzyła rekord BPK
041 ## - KOD JĘZYKA
Kod języka tekstu pol
080 ## - UNIWERSALNA KLASYFIKACJA DZIESIĘTNA - UKD
UKD 624.01/.07
920 ## - Międzynarodowy znormalizowany numer książki – ISBN
ISBN 3-8041-2814-9
008 - POLE O STAŁEJ DŁUGOŚCI - DANE KONTROLNE
podpole kontrolne o stałej długości s pl f |000 0 pol
100 1# - NAZWA OSOBOWA
Nazwa osobowa OTTO, Ulrich
245 #0 - TYTUŁ/ODPOWIEDZIALNOŚĆ
Tytuł Seilkonstruktionen - Verfahrer zur Näherungsberechung von Kräften und Verformungen in Seilen und vorgespannten Seilnetzen /
Pozostałe elementy strefy tytułu i oznaczenia odpowiedzialności Ulrich Otto.
260 ## - STREFA ADRESU WYDAWNICZEGO
Miejsce wydania Dusseldorf :
Nazwa wydawcy/dystrybutora Werner,
Data publikacji, dystrybucji/powstania dokumentu 1974.
490 1# - STREFA SERII I DOKUMENTU WIELOCZĘŚCIOWEGO - FORMA NIE DO WYSZUKIWANIA
Tytuł i oznaczenie odpowiedzialności serii Weitgespannte Flächentragwerke ;
Numeracja w obrębie serii 13
650 #9 - HASŁO PRZEDMIOTOWE W FORMIE NAZWY OGÓLNEJ LUB JEDNOSTKOWEJ
Nazwa ogólna lub geograficzna Konstrukcje budowlane
830 ## - HASŁO DODATKOWE SERII LUB DOKUMENTU WIELOCZĘŚCIOWEGO - TYTUŁ UJEDNOLICONY
Tytuł ujednolicony Weitgespannte Flächentragwerke ;
856 ## - LOKALIZACJA I DOSTĘP DO ELEKTRONICZNYCH DOKUMENTÓW ZDALNYCH
Link (URL) http://koha.tu.koszalin.pl/cgi-bin/koha/opac-detail.pl?biblionumber=18274
Tekst linku Katalog online BPK
942 ## - DODATKOWE ELEMENTY (KOHA)
Typ dokumentu Książka
Egzemplarze
Wycofany Status egzemplarza Uszkodzony Dostępność Lokalizacja stała Lokalizacja bieżąca Miejsce przechowywania Sygnatura Kod kreskowy Typ dokumentu
      Dostępny Biblioteka Politechniki Koszalińskiej Biblioteka Politechniki Koszalińskiej Wypożyczalnia BG 24204 02032597 Książka
© 2023 Biblioteka Politechniki Koszalińskiej :: KOHA